00688nam a22002057a 450000500170000001000130001702000210003003500130005103700160006404000120008008200130009210000210010524501220012626000460024827000640029430000200035850000190037865000370039765000480043420170124110015.0 aA-792683 a810223695c00.00 aA-792683 bCen Lib/Ret aDPLbEN a337bCHI aChishti, Sumitra aRestructuring of international economic relations :cby Sumitra ChishtibUruguay Round and the developing countries / aNew DelhibConcept Publishing Housec1991 aA/15-16, Commercial Block, Mohan Garden bNew Delhie110059 a212p.c22cm(Hb) aIncludes index aInternational economic relations aDeveloping countries -- Economic conditions